000 00780nam a2200217 a 4500
001 BRCA_6344
005 20190320205423.0
008 160811m17761778mx-a######---#000-0#spa-#
041 _aspa
050 4 _bL46 1776
100 1 _aLeón, José Antonio de
_915906
245 1 0 _aDibujos con tinta.
260 _aMéxico
_c1776-1778
300 _a3 dibujos
_c34 cm.
500 _aCC14
505 0 _aContenido: Representación de San Lucas, abril 3, 1778. Nº asignado por Franz Mayer W70. -- San Marcos. Nº asignado por Franz Mayer W71. -- El Gloriocissimo San Francisco de Sales, 23 marzo, 1776. Nº asignado por Franz Mayer W72.
650 1 4 _aDibujos religiosos
_zMéxico
_915907
650 1 4 _aRetratos religiosos con tinta
_zMéxico
_915908
902 _aGFM
942 _2lcc
_cB
999 _c6030
_d6030